000 00295nam a22001337a 4500
008 171215b xxu||||| |||| 00| 0 eng d
020 _a9781256410096
041 _aeng
080 _a61
100 _a3
101 _aSHM
245 _aMEDICAL ASSISTING WORKBOOK
_cFRAZIER,M.S
942 _2udc
_cBK
999 _c38975
_d38975